| 000 | 00504nam a2200181Ia 4500 | ||
|---|---|---|---|
| 008 | 131103s9999 xx 000 0 und d | ||
| 040 | _aLoreto College | ||
| 041 | _aEnglish | ||
| 082 |
_aI _b#NAME? |
||
| 100 | _aIbsen,Henrik | ||
| 245 |
_aEleven plays of Henrik Ibsen _cHenrik Ibsen; introduction by H.L.Meneken |
||
| 260 |
_a[s.l.] _bThe Modern Library _c[19 - ?] |
||
| 300 |
_axiv,1185 p. _c 20 cm. |
||
| 650 | _aEnglish Drama | ||
| 700 | _aMeneken,H.L.,intro. | ||
| 850 | _aLCLIB | ||
| 942 | _cBK | ||
| 999 |
_c13350 _d63829 |
||